000 00269nam a2200121Ia 4500
008 190216s9999||||xx |||||||||||||| ||und||
100 _aAli Moulavi
245 0 _aVishudha Qur`An Paribasha
260 _bYamuna Pub Tvm
300 _a1370p
650 _aArabic
942 _cBK
999 _c123
_d123